<?xml version="1.0" encoding="UTF-8"?>
<record
    xmlns:xsi="http://www.w3.org/2001/XMLSchema-instance"
    xsi:schemaLocation="http://www.loc.gov/MARC21/slim http://www.loc.gov/standards/marcxml/schema/MARC21slim.xsd"
    xmlns="http://www.loc.gov/MARC21/slim">

  <leader>00892nam a2200145   4500</leader>
  <controlfield tag="008">707 P213e</controlfield>
  <datafield tag="020" ind1=" " ind2=" ">
    <subfield code="a">9968899194</subfield>
  </datafield>
  <datafield tag="082" ind1=" " ind2=" ">
    <subfield code="a">707</subfield>
    <subfield code="b">P213e</subfield>
  </datafield>
  <datafield tag="100" ind1=" " ind2=" ">
    <subfield code="a">Papastergiadis, Nikos</subfield>
    <subfield code="9">2190</subfield>
  </datafield>
  <datafield tag="245" ind1=" " ind2=" ">
    <subfield code="a">Enfoques a distancia sobre la producci&#xF3;n de cultura en la situaci&#xF3;n contempor&#xE1;neo</subfield>
  </datafield>
  <datafield tag="260" ind1=" " ind2=" ">
    <subfield code="a">San Jos&#xE9;, Costa Rica</subfield>
    <subfield code="b">TEOR/&#xE9;Tica</subfield>
    <subfield code="c">2005</subfield>
  </datafield>
  <datafield tag="300" ind1=" " ind2=" ">
    <subfield code="a">120 P.</subfield>
    <subfield code="c">21.5 X 14.2 cm</subfield>
  </datafield>
  <datafield tag="505" ind1=" " ind2=" ">
    <subfield code="t">Introducci&#xF3;n</subfield>
    <subfield code="r">Virginia P&#xE9;rez-Ratton</subfield>
    <subfield code="t">La pr&#xE1;ctica creativa y el pensamiento cr&#xED;tico</subfield>
    <subfield code="r">Nikos Papastergiadis</subfield>
    <subfield code="t">Sur-sur-sur: una introducci&#xF3;n</subfield>
    <subfield code="r">Nikos Papastergiadis </subfield>
    <subfield code="t">Representaci&#xF3;n y lugar en el arte contempor&#xE1;neo</subfield>
    <subfield code="r">Carlos Capel&#xE1;n</subfield>
    <subfield code="t">Sobre los or&#xED;genes de la cuesti&#xF3;n de lo contempor&#xE1;neo</subfield>
    <subfield code="r">Carlos Capel&#xE1;n</subfield>
    <subfield code="t">Apreciaciones sobre el seminario</subfield>
    <subfield code="r">Varios participantes</subfield>
    <subfield code="t">English Translations</subfield>
  </datafield>
  <datafield tag="650" ind1=" " ind2=" ">
    <subfield code="x">arte contempor&#xE1;neo</subfield>
    <subfield code="x">arte - cr&#xED;tica cultural</subfield>
    <subfield code="x">arte - filosof&#xED;a</subfield>
    <subfield code="x">arte - ensayos</subfield>
    <subfield code="x">arte - seminario</subfield>
    <subfield code="9">6812</subfield>
  </datafield>
  <datafield tag="999" ind1=" " ind2=" ">
    <subfield code="c">1680</subfield>
    <subfield code="d">1680</subfield>
  </datafield>
  <datafield tag="952" ind1=" " ind2=" ">
    <subfield code="0">0</subfield>
    <subfield code="1">0</subfield>
    <subfield code="2">ddc</subfield>
    <subfield code="4">0</subfield>
    <subfield code="7">0</subfield>
    <subfield code="a">LV</subfield>
    <subfield code="b">LV</subfield>
    <subfield code="c">Colecci&#xF3;n Teor&#xE9;tica</subfield>
    <subfield code="d">2018-11-24</subfield>
    <subfield code="l">0</subfield>
    <subfield code="o">707 P213e</subfield>
    <subfield code="p">002362</subfield>
    <subfield code="r">2018-11-24 00:00:00</subfield>
    <subfield code="w">2018-11-24</subfield>
    <subfield code="y">01</subfield>
  </datafield>
  <datafield tag="952" ind1=" " ind2=" ">
    <subfield code="0">0</subfield>
    <subfield code="1">0</subfield>
    <subfield code="2">ddc</subfield>
    <subfield code="4">0</subfield>
    <subfield code="7">0</subfield>
    <subfield code="a">LV</subfield>
    <subfield code="b">LV</subfield>
    <subfield code="c">Colecci&#xF3;n Teor&#xE9;tica</subfield>
    <subfield code="d">2018-11-24</subfield>
    <subfield code="l">0</subfield>
    <subfield code="o">707 P213e</subfield>
    <subfield code="p">002377</subfield>
    <subfield code="r">2018-11-24 00:00:00</subfield>
    <subfield code="w">2018-11-24</subfield>
    <subfield code="y">01</subfield>
  </datafield>
</record>
